• 首页
  • 本馆介绍
  • 公告通知
  • 最新文献
  • 馆藏检索
  • 电子资源
  • 读者导购
  • 参考咨询
  • 我的图书馆
  • 登录
  • 详细信息显示
  • 放入我的书架
  • 预约/预借图书
  • 作者相关作品
  • 分类相关作品
  • 丛书相关作品
  • 出版社相关作品

书目信息

  • 表格格式
  • 工作单格式
  • 卡片格式
题名:
中国民族声乐教程
    
 
作者: 刘辉 主编 ;沈阳音乐学院民族声乐系 编
分册: 上册   必唱曲目
出版信息: 北京   人民音乐出版社  2010.03
页数: 346页
开本: 30cm
丛书名:
单 册:
中图分类: J642.2
科图分类:
主题词: 民族声乐--中国--教材 , 民族声乐
电子资源:
ISBN: 978-7-103-03724-9
000 00912nam0 2200265 450
001 010020002296
005 20120321104246.10
010    @a978-7-103-03724-9@dCNY51.00
100    @a20100505d2010 em y0chiy0110 ea
101 0  @achi
102    @aCN@b110000
105    @ag z 001yy
106    @ar
200 1  @a中国民族声乐教程@9zhong guo min zu sheng yue jiao cheng@h上册@i必唱曲目@f刘辉主编@g沈阳音乐学院民族声乐系编
210    @a北京@c人民音乐出版社@d2010.03
215    @a346页@d30cm
320    @a有索引
330    @a本书分为女声必唱曲目的男声必唱曲目两部分,内容包括:女声一年级至四年级的曲目和男声一年级至四年级的曲目。
606 0  @a民族声乐@y中国@j教材
606 0  @a民族声乐
690    @aJ642.2@v4
701  0 @a刘辉@9liu hui@4主编
712 02 @a沈阳音乐学院民族声乐系@9shen yang yin yue xue yuan min zu sheng yue xi@4编
801  0 @aCN@bRENTIAN@c20100505
905    @b539006-12@dJ642.2@e233:1@f7
    
    中国民族声乐教程.上册.必唱曲目/刘辉主编/沈阳音乐学院民族声乐系编.-北京:人民音乐出版社,2010.03
    346页;30cm
    
    
    ISBN 978-7-103-03724-9:CNY51.00
    本书分为女声必唱曲目的男声必唱曲目两部分,内容包括:女声一年级至四年级的曲目和男声一年级至四年级的曲目。
●
相关链接 在E读中查询图书 在五车中查询图书 在当当中查询图书 在豆瓣中查询图书


正题名:中国民族声乐教程     索取号:J642.2/233:1         预约/预借

序号 登录号 条形码 馆藏地/架位号 状态 备注
1 539006   205390067   第一样本阅览室/ [索取号:J642.2/233:1] 在馆    
2 539007   205390076   第一借阅区/ [索取号:J642.2/233:1] 在馆    
3 539008   205390085   第一借阅区/ [索取号:J642.2/233:1] 在馆    
4 539009   205390094   第一借阅区/ [索取号:J642.2/233:1] 在馆    
5 539010   205390101   第一借阅区/ [索取号:J642.2/233:1] 在馆    
6 539011   205390110   第一借阅区/ [索取号:J642.2/233:1] 在馆    
7 539012   205390129   第一借阅区/ [索取号:J642.2/233:1] 在馆    
唐山师范学院图书馆 欢迎您!
大连网信软件有限公司© 版权所有